<?xml version="1.0" encoding="UTF-8"?><?xml-stylesheet type="text/xsl" href="static/style.xsl"?><OAI-PMH xmlns="http://www.openarchives.org/OAI/2.0/" xmlns:xsi="http://www.w3.org/2001/XMLSchema-instance" xsi:schemaLocation="http://www.openarchives.org/OAI/2.0/ http://www.openarchives.org/OAI/2.0/OAI-PMH.xsd"><responseDate>2026-04-17T00:45:21Z</responseDate><request verb="GetRecord" identifier="oai:www.recercat.cat:11351/12632" metadataPrefix="marc">https://recercat.cat/oai/request</request><GetRecord><record><header><identifier>oai:recercat.cat:11351/12632</identifier><datestamp>2025-10-24T10:59:29Z</datestamp><setSpec>com_2072_451665</setSpec><setSpec>com_2072_378040</setSpec><setSpec>col_2072_451666</setSpec></header><metadata><record xmlns="http://www.loc.gov/MARC21/slim" xmlns:dcterms="http://purl.org/dc/terms/" xmlns:xsi="http://www.w3.org/2001/XMLSchema-instance" xmlns:doc="http://www.lyncode.com/xoai" xsi:schemaLocation="http://www.loc.gov/MARC21/slim http://www.loc.gov/standards/marcxml/schema/MARC21slim.xsd">
   <leader>00925njm 22002777a 4500</leader>
   <datafield ind2=" " ind1=" " tag="042">
      <subfield code="a">dc</subfield>
   </datafield>
   <datafield ind2=" " ind1=" " tag="720">
      <subfield code="a">Roura Blanco, Ignacio</subfield>
      <subfield code="e">author</subfield>
   </datafield>
   <datafield ind2=" " ind1=" " tag="720">
      <subfield code="a">Pardo Ruiz, Jèssica</subfield>
      <subfield code="e">author</subfield>
   </datafield>
   <datafield ind2=" " ind1=" " tag="720">
      <subfield code="a">Martin Barcelo, Cristina</subfield>
      <subfield code="e">author</subfield>
   </datafield>
   <datafield ind2=" " ind1=" " tag="720">
      <subfield code="a">Oltra González, Javier</subfield>
      <subfield code="e">author</subfield>
   </datafield>
   <datafield ind2=" " ind1=" " tag="720">
      <subfield code="a">Campabadal Delgado, Anna</subfield>
      <subfield code="e">author</subfield>
   </datafield>
   <datafield ind2=" " ind1=" " tag="720">
      <subfield code="a">Sala-Llonch, Roser</subfield>
      <subfield code="e">author</subfield>
   </datafield>
   <datafield ind2=" " ind1=" " tag="720">
      <subfield code="a">Pont-Sunyer, Claustre</subfield>
      <subfield code="e">author</subfield>
   </datafield>
   <datafield ind2=" " ind1=" " tag="260">
      <subfield code="c">2025-02-21T07:48:56Z</subfield>
   </datafield>
   <datafield ind2=" " ind1=" " tag="260">
      <subfield code="c">2025-02-21T07:48:56Z</subfield>
   </datafield>
   <datafield ind2=" " ind1=" " tag="260">
      <subfield code="c">2025-01-28</subfield>
   </datafield>
   <datafield ind2=" " ind1=" " tag="520">
      <subfield code="a">Isolated rapid-eye movement (REM); Magnetic resonance imaging (rsfMRI); Comprehensive neuropsychological testing</subfield>
   </datafield>
   <datafield ind2=" " ind1=" " tag="520">
      <subfield code="a">Movimientos oculares rápidos aislados (REM); Imágenes por resonancia magnética (rsfMRI); Pruebas neuropsicológicas integrales</subfield>
   </datafield>
   <datafield ind2=" " ind1=" " tag="520">
      <subfield code="a">Moviment ocular ràpid aïllat (REM); Imatge de ressonància magnètica (rsfMRI); Proves neuropsicològiques integrals</subfield>
   </datafield>
   <datafield ind2=" " ind1=" " tag="520">
      <subfield code="a">Background: Isolated rapid-eye movement (REM) sleep behavior disorder (iRBD) is characterized by abnormal behaviors in REM sleep and is considered as a prodromal symptom of alpha-synucleinopathies. Resting-state functional magnetic resonance imaging (rsfMRI) studies have unveiled altered functional connectivity (rsFC) in patients with iRBD. However, the associations between intra- and inter-network rsFC with clinical symptoms and neuropsychological functioning in iRBD remain unclear.&#xd;
Objective: To characterize intra- and inter-network rsFC in iRBD patients using a data-driven approach and to assess its associations with clinical features and cognitive functioning.&#xd;
Methods: Forty-two patients with iRBD and 45 healthy controls (HC) underwent rsfMRI and comprehensive neuropsychological testing. Resting-state networks were characterized using independent component analyses. Group differences in intra- and inter-network rsFC and their associations with clinical and neuropsychological data were studied. A threshold of corrected P &lt; 0.05 was used in all the analyses.&#xd;
Results: iRBD patients displayed lower intra-network rsFC within basal ganglia, visual, sensorimotor, and cerebellar networks, relative to HC. Mean rsFC strength within the basal ganglia network positively correlated with processing speed and negatively with the non-motor symptoms in iRBD patients. Reduced inter-network rsFC between sensorimotor and visual medial networks was observed in iRBD patients, which was associated with global cognitive status.&#xd;
Conclusions: iRBD is characterized by both reductions in intra-network rsFC in cortical and subcortical networks and inter-network dysconnectivity between sensorimotor and visual networks. Abnormalities in intra- and inter-network rsFC are associated with cognitive performance and non-motor symptoms, suggesting the utility of both rsFC measures as imaging markers in prodromal alpha-synucleinopathies. © 2025 The Author(s). Movement Disorders published by Wiley Periodicals LLC on behalf of International Parkinson and Movement Disorder Society.</subfield>
   </datafield>
   <datafield ind2=" " ind1=" " tag="520">
      <subfield code="a">This study was sponsored by the Spanish Ministry of Economy and Competitiveness (MINECO PID2020-114640GB-I00/ AEI/10.13039/501100011033, PID2023-146932NB-100/AEI/ 110.13039/5011000111033 to C.J. and B.S.), Generalitat de Catalunya (SGR 2021SGR00801) and supported by María de Maeztu Unit of Excellence (Institute of Neurosciences, University of Barcelona) CEX2021-001159-M, Ministry of Science and Innovation. I.R. was supported by a fellowship from La Caixa Foundation (LCF/BQ/ DR22/11950012). J.P. was supported by a fellowship from the Ministry of Science and Innovation (PRE2021–099674). J.O. was supported by a fellowship from the Ministry of Science, Innovation, and Universities (PRE2018-086675).</subfield>
   </datafield>
   <datafield ind1="8" ind2=" " tag="024">
      <subfield code="a">http://hdl.handle.net/11351/12632</subfield>
   </datafield>
   <datafield tag="653" ind2=" " ind1=" ">
      <subfield code="a">Ulls - Moviments</subfield>
   </datafield>
   <datafield tag="653" ind2=" " ind1=" ">
      <subfield code="a">Ressonància magnètica</subfield>
   </datafield>
   <datafield tag="653" ind2=" " ind1=" ">
      <subfield code="a">Trastorns del son</subfield>
   </datafield>
   <datafield tag="653" ind2=" " ind1=" ">
      <subfield code="a">PSYCHIATRY AND PSYCHOLOGY::Behavioral Disciplines and Activities::Behavioral Sciences::Psychophysiology::Neuropsychology</subfield>
   </datafield>
   <datafield tag="653" ind2=" " ind1=" ">
      <subfield code="a">DISEASES::Nervous System Diseases::Sleep Wake Disorders::Parasomnias::REM Sleep Parasomnias::REM Sleep Behavior Disorder</subfield>
   </datafield>
   <datafield tag="653" ind2=" " ind1=" ">
      <subfield code="a">ANALYTICAL, DIAGNOSTIC AND THERAPEUTIC TECHNIQUES, AND EQUIPMENT::Diagnosis::Diagnostic Techniques and Procedures::Diagnostic Imaging::Neuroimaging::Functional Neuroimaging</subfield>
   </datafield>
   <datafield tag="653" ind2=" " ind1=" ">
      <subfield code="a">PSIQUIATRÍA Y PSICOLOGÍA::disciplinas y actividades conductuales::ciencias de la conducta::psicofisiología::neuropsicología</subfield>
   </datafield>
   <datafield tag="653" ind2=" " ind1=" ">
      <subfield code="a">ENFERMEDADES::enfermedades del sistema nervioso::trastornos del sueño-vigilia::parasomnias::parasomnias del sueño REM::trastorno de la conducta en el sueño REM</subfield>
   </datafield>
   <datafield tag="653" ind2=" " ind1=" ">
      <subfield code="a">TÉCNICAS Y EQUIPOS ANALÍTICOS, DIAGNÓSTICOS Y TERAPÉUTICOS::diagnóstico::técnicas y procedimientos diagnósticos::diagnóstico por imagen::neuroimágenes::neuroimágenes funcionales</subfield>
   </datafield>
   <datafield ind2="0" ind1="0" tag="245">
      <subfield code="a">Altered Intra- and Inter-Network Resting-State Functional Connectivity is Associated with Neuropsychological Functioning and Clinical Symptoms in Patients with Isolated Rapid Eye Movement Sleep Behavior Disorder</subfield>
   </datafield>
</record></metadata></record></GetRecord></OAI-PMH>